Famous English Footballers by Picture - Statistics

General Stats
  • This quiz has been taken 877 times
    778 since last reset
  • The average score is 22 of 30
Answer Stats
Picture Answer % Correct
Harry Kane
99%
Wayne Rooney
95%
David Beckham
94%
Frank Lampard
93%
Phil Foden
93%
Steven Gerrard
93%
Bukayo Saka
92%
Jude Bellingham
92%
Kyle Walker
90%
Marcus Rashford
90%
Raheem Sterling
90%
Rio Ferdinand
88%
Declan Rice
87%
Paul Scholes
85%
John Terry
83%
Ashley Cole
82%
Bobby Charlton
78%
Gary Neville
77%
Michael Owen
73%
Gary Lineker
72%
Alan Shearer
66%
David Seaman
61%
Bobby Moore
56%
Ian Wright
56%
John Barnes
43%
Paul Gascoigne
42%
Gordon Banks
36%
Tony Adams
35%
Bryan Robson
17%
Jimmy Greaves
16%
No matching quizzes found
Score Distribution
Percent of People with Each Score
Percentile by Number Answered
Your Score History
You have not taken this quiz since the last reset